Provincial capitals of South Africa - Statistics

General Stats
  • This quiz has been taken 21 times
  • The average score is 5 of 9
Answer Stats
Province Population Area Capitals % Correct
Western Cape 7 113 776 129 462 km2 Cape Town
94%
Gauteng 15 810 388 18 176 km2 Johannesbourg
94%
Free State 2 932 441 129 825 km2 Bloemfontein
88%
North Cape 1 303 047 372 889 km2 Kimberley
65%
KwaZulu-Natal 11 513 575 94 361 km2 Pietermaritzburg
65%
Mpumalanga 4 743 584 76 495 km2 Mbombela
35%
Limpopo 5 926 724 125 754 km2 Polokwane
35%
Northwest 4 122 854 104 882 km2 Mahikeng
24%
Eastern Cape 6 676 590 168 966 km2 Bhisho
18%
No matching quizzes found
Score Distribution
Percent of People with Each Score
Percentile by Number Answered
Your Score History
You have not taken this quiz